01011cam a22002417a 4500003000500000005001700005008004100022010001000063011001000073035001000083040000900093100002900102245015100131260013200282300001000414410010400424490003600528650001500564650001800579700003400597810010400631830003400735CHAP20220817043602.0000106 1988 mx r 00010 spa d a79131 a80103 a90545 cCHAP00aBéjar Navarro, Raúl. 0aSobre la identidad y el carácter nacionales :bun progrma de investigación a mediano plazoc/por Raúl Béjar Navarro y Héctor M: Cappello aCuernavaca, Mor. :bUniversidad Nacional Autónoma de México. Centro Regional de Investigaciones Multidisciplinarias,c1988. a26 p.1 aUniversidad Nacional Autónoma de México. Centro Regional de Investigaciones Multidisciplinarias 0aAportes de Investigaciónv; 114aIdentidad.14aNacionalismo.0 aCappello M., Héctor Manuel.1 aUniversidad Nacional Autónoma de México. Centro Regional de Investigaciones Multidisciplinarias0 aAportes de Investigacionv; 1